Vista normal
Vista MARC
Entrada Nombre de reunión
Número de registros utilizados en: 1
001 - NÚMERO DE CONTROL
- campo de control: 59372
003 - IDENTIFICADOR DEL NÚMERO DE CONTROL
- campo de control: OSt
005 - FECHA Y HORA DE LA ÚLTIMA TRANSACCIÓN
- campo de control: 20200615035107.0
008 - DATOS DE LONGITUD FIJA
- campo de control de longitud fija: 200615|| aca||aabn | a|a d
040 ## - FUENTE DE LA CATALOGACIÓN
- Centro catalogador/agencia de origen: OSt
- Centro/agencia transcriptor: OSt
111 ## - ENCABEZAMIENTO--NOMBRE DE CONGRESO/REUNIÓN
- Nombre de congreso/reunión o jurisdicción como elemento de entrada: Coloquio Hispano-Francés de Historia Contemporánea
- Número del congreso/reunión o número de parte o sección: (2 : 16-18 de junio
- Fecha del congreso/reunión: 1986 :
- Sede del congreso/Lugar de la reunión: Aix-en-Provence)
670 ## - FUENTE DE DATOS ENCONTRADOS
- Cita de la fuente: Work cat.: (OSt)33419: Coloquio Hispano-Francés de Historia Contemporánea (2 : 16-18 de junio 1986 : Aix-en-Provence), España, Francia y la comunidad europea :, 1989.
